बृहत्तर भारत / (Record no. 118178)

MARC details
000 -LEADER
fixed length control field 01099nam a22002537a 4500
005 - DATE AND TIME OF LATEST TRANSACTION
control field 20170124103107.0
010 ## - LIBRARY OF CONGRESS CONTROL NUMBER
LC control number A-061029
020 ## - INTERNATIONAL STANDARD BOOK NUMBER
Terms of availability 00.00
035 ## - SYSTEM CONTROL NUMBER
System control number A-061029
037 ## - SOURCE OF ACQUISITION
Source of stock number/acquisition Cen Lib/Ret
040 ## - CATALOGING SOURCE
Original cataloging agency DPL
Language of cataloging HN
082 ## - DEWEY DECIMAL CLASSIFICATION NUMBER
Classification number 954.01
Item number उपाध्या
100 ## - MAIN ENTRY--PERSONAL NAME
Personal name उपाध्याय, भगवतीशरण
9 (RLIN) 78707
245 ## - TITLE STATEMENT
Title बृहत्तर भारत /
Statement of responsibility, etc भगवतीशरण उपाध्याय
246 ## - VARYING FORM OF TITLE
Title proper/short title Brihattar bharat /
Remainder of title by Bhagwatisharan Upadhyaya
260 ## - PUBLICATION, DISTRIBUTION, ETC. (IMPRINT)
Place of publication, distribution, etc दिल्ली
Name of publisher, distributor, etc राजपाल एंड संस
270 ## - ADDRESS
City दिल्ली
Address कश्मिरी गेट
Postal code 110006
300 ## - PHYSICAL DESCRIPTION
Extent 312पृ.
Dimensions 21सेमी (सजिल्द)
650 ## - SUBJECT ADDED ENTRY--TOPICAL TERM
Topical term or geographic name as entry element भूगोल--भारत
9 (RLIN) 78708
650 ## - SUBJECT ADDED ENTRY--TOPICAL TERM
Topical term or geographic name as entry element भौगोलिक स्थिति और सांस्कृतिक संक्रमण--भारत
9 (RLIN) 78709
650 ## - SUBJECT ADDED ENTRY--TOPICAL TERM
Topical term or geographic name as entry element Geography--India
9 (RLIN) 78710
650 ## - SUBJECT ADDED ENTRY--TOPICAL TERM
Topical term or geographic name as entry element Geographical and cultural transition--India
9 (RLIN) 78711
942 ## - ADDED ENTRY ELEMENTS (KOHA)
Source of classification or shelving scheme Dewey Decimal Classification
Koha item type Hindi Books
Classification part 954.01
Call number suffix उपाध्याय
Holdings
Withdrawn status Lost status Damaged status Not for loan Home library Current library Date acquired Source of acquisition Cost, normal purchase price Total Checkouts Full call number Barcode Date last seen Copy number Cost, replacement price Price effective from Koha item type
        Central Library Central Library 10/09/2015 Cen Lib/Ret 0.00   954.01 उपाध्या A-061029 10/09/2015 1 0.00 10/09/2015 Hindi Books

© Delhi Public Library
Hit Counter
free hit counter